RLCS Winners - Statistics

General Stats
  • This quiz has been taken 500 times
  • The average score is 5 of 7
Answer Stats
Teams % Correct
Renault Vitality
93%
Dignitas
82%
Cloud9
77%
FlipSid3 Tactics
66%
iBUYPOWER
58%
Northern Gaming
55%
Gale Force eSports
50%
No matching quizzes found
Score Distribution
Percent of People with Each Score
Percentile by Number Answered
Your Score History
You have not taken this quiz